Football - Duel Messi/Ronaldo. - Statistiques

Statistiques générales
  • Ce quiz a été pris 279 fois
  • Le résultat moyen est 8 sur 10
Statistiques - réponses
Question Réponse % Correct
Lequel des deux a remporté le plus de ballon d'Or? Lionel Messi
98%
Lequel des deux a remporté le plus de Coupe du monde? Lionel Messi
98%
Lequel des deux est resté le plus longtemps dans son premier club professionnel? Lionel Messi
95%
Lequel des deux a marqué le plus de buts en sélection? Cristiano Ronaldo
94%
Lequel des deux a joué pour un plus grand nombre de clubs? Cristiano Ronaldo
94%
Lequel des deux a marqué le plus de buts? Cristiano Ronaldo
94%
Lequel des deux a remporté plus de Championnat d'Europe? Cristiano Ronaldo
80%
Lequel des deux a remporté de Champion's League? Cristiano Ronaldo
79%
Lequel des deux a participé à plus de Champions League? Cristiano Ronaldo
67%
Lequel des deux a participé à plus de Coupe du monde? Egalité
42%
Aucun quiz correspondant
Distribution des résultats
% des personnes avec chaque résultat
Percentile par nombre de réponses
Votre historique - résultats
Vous n’avez pas pris ce quiz